[Event "Kemerovo-ch"]
[Site "Kemerovo"]
[Date "2014.04.30"]
[Round "9"]
[White "Sufiev, Rinat"]
[Black "Kuznetsov, Petr"]
[Result "1/2-1/2"]
[WhiteElo "2200"]
[BlackElo "1974"]
[PlyCount "157"]
[EventDate "2014.04.02"]
[EventType "swiss"]
[EventRounds "9"]
[EventCountry "RUS"]
[SourceTitle "CBM 160 Extra"]
[Source "ChessBase"]
[SourceDate "2014.07.01"]
[SourceVersion "1"]
[SourceVersionDate "2014.07.01"]
[SourceQuality "1"]

1. d4 Nf6 2. c4 g6 3. Nc3 Bg7 4. e4 d6 5. Nf3 0-0 6. Bd3 Nc6 7. d5 Nb4 8. Bb1 e5 9. a3 Na6 10. b4 c5 11. b5 Nc7 12. Ra2 Nce8 13. 0-0 Nh5 14. Ne2 Bg4 15. Ng3 Nf4 16. Qb3 h5 17. h3 Bd7 18. Kh2 h4 19. Ne2 Nxe2 20. Rxe2 Bf6 21. Bh6 Ng7 22. Qe3 Nh5 23. Bxf8 Qxf8 24. g3 Qe7 25. Ng1 Kg7 26. Rb2 Bg5 27. Qd3 Rh8 28. Bc2 hxg3+ 29. fxg3 Nxg3 30. Qxg3 Bf4 31. Rxf4 exf4 32. Qxf4 Rh4 33. Qg3 g5 34. Rb3 g4 35. Re3 Rh5 36. Bd1 Qg5 37. Be2 gxh3 38. Qxg5+ Rxg5 39. Rg3 Rxg3 40. Kxg3 Kf6 41. Nxh3 Ke5 42. Bf3 f6 43. Nf4 Kd4 44. Ne6+ Kxc4 45. a4 Kd3 46. Kf2 a5 47. Nf4+ Kd2 48. Ne6 Bxb5 49. axb5 a4 50. Be2 Kc3 51. Nxc5 a3 52. Na4+ Kb4 53. Nb2 a2 54. Nc4 a1Q 55. Nxd6 b6 56. Nf5 Qe5 57. Ke3 Qc3+ 58. Bd3 Qe1+ 59. Kf3 Qh1+ 60. Kf4 Qc1+ 61. Kf3 Qh1+ 62. Ke3 Qg1+ 63. Kf3 Qh1+ 64. Ke3 Qc1+ 65. Kf3 Qd2 66. Be2 Qc3+ 67. Ne3 Kc5 68. Kf4 Qe5+ 69. Kf3 Qh5+ 70. Kf2 Qh4+ 71. Kf3 Qh5+ 72. Kf2 Qh4+ 73. Kf3 Qh3+ 74. Kf2 Qh2+ 75. Kf3 Qh3+ 76. Kf4 Qh6+ 77. Kf3 Qh5+ 78. Kf2 Qh4+ 79. Kf3 1/2-1/2

[Event "Kemerovo-ch"]
[Site "Kemerovo"]
[Date "2011.03.06"]
[Round "5"]
[White "Gontcharov, Vladislav"]
[Black "Kuznetsov, Petr"]
[Result "1-0"]
[WhiteElo "2435"]
[BlackElo "1983"]
[PlyCount "65"]
[EventDate "2011.02.20"]
[EventType "swiss"]
[EventRounds "9"]
[EventCountry "RUS"]
[SourceTitle "CBM 141 Extra"]
[Source "ChessBase"]
[SourceDate "2011.05.03"]
[SourceVersion "1"]
[SourceVersionDate "2011.05.03"]
[SourceQuality "1"]

1. Nf3 c5 2. c4 Nf6 3. g3 Nc6 4. Bg2 g6 5. 0-0 Bg7 6. d4 cxd4 7. Nxd4 0-0 8. Nc3 Ng4 9. Nc2 Nge5 10. Ne3 d6 11. Rb1 Be6 12. Ncd5 a5 13. b3 Nb4 14. a4 Nec6 15. Nxb4 axb4 16. Bd2 Qd7 17. Qe1 Bh3 18. Bxb4 Bxg2 19. Kxg2 f5 20. Bc3 e5 21. Rd1 f4 22. Nd5 Rae8 23. f3 fxg3 24. hxg3 e4 25. f4 g5 26. Bxg7 Qxg7 27. Qc3 Qg6 28. fxg5 Re5 29. Nf6+ Kh8 30. Ng4 Rxf1 31. Rxf1 e3 32. Nxe5 dxe5 33. Qxe3 1-0

[Event "Kemerovo-ch"]
[Site "Kemerovo"]
[Date "2010.03.17"]
[Round "4"]
[White "Cheremnova, Tamara"]
[Black "Kuznetsov, Petr"]
[Result "1-0"]
[WhiteElo "2245"]
[BlackElo "2020"]
[PlyCount "59"]
[EventDate "2010.03.15"]
[EventType "swiss"]
[EventRounds "9"]
[EventCountry "RUS"]
[SourceTitle "CBM 135 Extra"]
[Source "ChessBase"]
[SourceDate "2010.05.04"]
[SourceVersion "1"]
[SourceVersionDate "2010.05.04"]
[SourceQuality "1"]

1. d4 Nf6 2. c4 e5 3. dxe5 Ng4 4. Bf4 Nc6 5. Nf3 Bb4+ 6. Nc3 Qe7 7. Qd5 f6 8. exf6 Nxf6 9. Qd3 0-0 10. e3 d5 11. cxd5 Ne4 12. Be2 Nc5 13. Qc4 b5 14. d6+ bxc4 15. dxe7 Nxe7 16. Bxc4+ Be6 17. Bxe6+ Nxe6 18. Bg3 Nd5 19. Kd2 Rad8 20. Kc2 Nxc3 21. bxc3 Bd6 22. Bxd6 Rxd6 23. Rhd1 g5 24. Rxd6 cxd6 25. Rf1 h6 26. Nd4 Nc5 27. f3 d5 28. Rb1 Rc8 29. Nf5 Kh7 30. Ne7 1-0

[Event "Kemerovo op"]
[Site "Kemerovo"]
[Date "2009.07.21"]
[Round "3"]
[White "Kuznetsov, Petr"]
[Black "Sagitov, Denis"]
[Result "1-0"]
[WhiteElo "2032"]
[BlackElo "2081"]
[PlyCount "87"]
[EventDate "2009.07.20"]
[EventType "swiss"]
[EventRounds "9"]
[EventCountry "RUS"]
[SourceTitle "EXT 2022"]
[Source "ChessBase"]
[SourceDate "2021.10.06"]
[SourceVersion "1"]
[SourceVersionDate "2021.10.06"]
[SourceQuality "1"]

1. Nf3 c5 2. c4 Nf6 3. g3 b6 4. Bg2 Bb7 5. 0-0 d6 6. b3 e6 7. Bb2 Be7 8. Nc3 Nbd7 9. Qc2 a6 10. e4 Qc7 11. d4 cxd4 12. Nxd4 Rc8 13. Rac1 0-0 14. Qe2 Qb8 15. g4 h6 16. Kh1 Nc5 17. b4 Ncd7 18. b5 Qa8 19. Nc6 Bxc6 20. bxc6 Ne5 21. f4 Nxc6 22. e5 dxe5 23. g5 hxg5 24. fxg5 Nh7 25. g6 fxg6 26. Qg4 Rxf1+ 27. Rxf1 Nf8 28. Rxf8+ Kxf8 29. Qxe6 Nd8 30. Qxg6 Qb8 31. Bd5 Qd6 32. Qh7 Nf7 33. Qf5 Qf6 34. Qxc8+ Nd8 35. Qh3 Bc5 36. Qf3 Qxf3+ 37. Bxf3 Bd4 38. Na4 b5 39. Bxd4 exd4 40. cxb5 axb5 41. Nc5 Ke7 42. Be2 Kd6 43. Nb3 Ke5 44. Bxb5 1-0

[Event "Kemerovo-ch Seniors"]
[Site "Kemerovo"]
[Date "2008.05.15"]
[Round "3"]
[White "Volchikhin, Igor"]
[Black "Kuznetsov, Petr"]
[Result "1-0"]
[WhiteElo "2287"]
[BlackElo "2047"]
[PlyCount "83"]
[EventDate "2008.05.13"]
[EventType "tourn"]
[EventRounds "11"]
[EventCountry "RUS"]
[SourceTitle "EXT 2022"]
[Source "ChessBase"]
[SourceDate "2021.10.06"]
[SourceVersion "1"]
[SourceVersionDate "2021.10.06"]
[SourceQuality "1"]

1. e4 d5 2. exd5 Qxd5 3. d4 a6 4. c4 Qd6 5. Nf3 Nc6 6. Nc3 Nf6 7. Be2 e5 8. d5 Ne7 9. 0-0 g6 10. Ng5 Bg7 11. Nge4 Nxe4 12. Nxe4 Qd8 13. Bg5 0-0 14. Bf6 Bxf6 15. Nxf6+ Kg7 16. Ne4 f5 17. Nc3 Qd6 18. a3 a5 19. b4 axb4 20. axb4 Rxa1 21. Qxa1 Qf6 22. c5 e4 23. Re1 Bd7 24. b5 f4 25. d6 Nf5 26. Nxe4 Qxa1 27. Rxa1 Nd4 28. Bc4 c6 29. Ra7 Rb8 30. b6 f3 31. gxf3 Bh3 32. Ng5 Bf5 33. Kg2 h6 34. Ne4 Bxe4 35. fxe4 Kf6 36. f4 g5 37. Kg3 gxf4+ 38. Kxf4 Ne6+ 39. Bxe6 Kxe6 40. Ke3 Ke5 41. d7 Ke6 42. Rxb7 1-0